000 00964nam a22003257a 4500
001 BR0903560
003 BR-BrBNA
005 20230928103029.0
007 ta
008 230509b bl.||||| |||| 00| 0 por d
040 _aBR-BrBNA
_bpor
_cBiblioteca Nacional de Agricultura
041 _a(Por)
072 _aL02; L51
_b5214
090 _ 5214 BR0903560
100 1 _aOliveira, B.M.L. de
110 1 _aUniversidade Federal de Lavras, MG (Brasil)
_0Tese (Mestrado)
245 1 _aSuplementação de vacas leiteiras com Saccharomyces cerevisiae cepa KA500
260 3 _aLavras, MG (Brasil):
_c2008.
300 _a52 p.
500 _aSummaries (Eng, Por); Bibliography p.42-52; 6 tables
650 _aVACA LEITEIRA
650 _aSUPLEMENTO ALIMENTAR
650 _aSACCHAROMYCES CEREVISIAE
650 _aRÚMEN
650 _aPH
650 _aDIGESTIBILIDADE
650 _aPRODUÇÃO LEITEIRA
909 _a202309
_bLucia
_c55
_dLucia Elande
942 _cBK
999 _c73424
_d73424